000 00310nam a2200133Ia 4500
008 191201s2002 xx 000 0 und d
100 _aBARRETT, Jim
245 0 _aTest Your Own Aptitude
250 _a2nd
260 _aN.Delhi
_bKogan Page India
_c2002
300 _a213
650 _aApplied
942 _2ddc
_cBK
999 _c1743
_d1743